01024 2200313 4500001002100000005001500021035002000036007000300056008004100059020002200100082001400122084001600136100003900152245012200191250003700313300004700350650004900397700003100446504002900477264003000506336002100536337003000557338002300587040002200610090002200632850001200654999002200666990002200688INLIS00000000090165820260120102016 a0010-0126000591ta260120s2025 yoia g 000 0 ind d a978-623-01-4627-504223a631.8 a631.8 HIE p0 aHieronymus Budi SantosoePengarang10aPemupukan (agribisnis tanaman perkebunan) untuk SMK/MAK fase f /cHieronymus Budi Santoso; penyunting, Yosephin Linda aEdisi Pertama : Cetakan I, 2025 axvi, 192 halaman :bgambar, tabel ;c25 cm 4aTanaman--vPemupukan--xStudi dan pengajaran0 aYosephin LindaePenyunting aBibliografi: halaman 18131aYogyakarta :bAndi,c2025 2rdacontentateks 2rdamediaatanpa perantara 2rdacarrieravolume aYOPDYOGbinderda aCB-D.11 2025-4288 aYOPDYOG aCB-D.11/2025-4288 aCB-D.11/2025-4288